Berbitjara bahagia, diam bentjana. (Record no. 65926)

MARC details
000 -LEADER
fixed length control field 00644cam a22002051 4500
001 - CONTROL NUMBER
control field sa 65008889
003 - CONTROL NUMBER IDENTIFIER
control field DLC
005 - DATE AND TIME OF LATEST TRANSACTION
control field 20260227112158.0
008 - FIXED-LENGTH DATA ELEMENTS--GENERAL INFORMATION
fixed length control field 860605s1954 io a 000 0 ind
010 ## - LIBRARY OF CONGRESS CONTROL NUMBER
LC control number sa 65008889
035 ## - SYSTEM CONTROL NUMBER
System control number (OCoLC)23541168
040 ## - CATALOGING SOURCE
Original cataloging agency DLC
Transcribing agency MiU
Modifying agency DLC
042 ## - AUTHENTICATION CODE
Authentication code premarc
050 00 - LIBRARY OF CONGRESS CALL NUMBER
Classification number BF721
Item number .S59
100 2# - MAIN ENTRY--PERSONAL NAME
Personal name Sri Rahayu A. G.
245 10 - TITLE STATEMENT
Title Berbitjara bahagia, diam bentjana.
Remainder of title Dipersembahkan sebagai kenang-kenangan kepada "Ibu Indonesia."
Statement of responsibility, etc. Dihimpun oleh Sri Rahayu A. G.
260 ## - PUBLICATION, DISTRIBUTION, ETC.
Place of publication, distribution, etc. [Djakarta]
Name of publisher, distributor, etc. Balai Buku Indonesia
Date of publication, distribution, etc. [kata pengantar 1954]
300 ## - PHYSICAL DESCRIPTION
Extent 36 p.
Other physical details illus.
Dimensions 24 cm.
650 #0 - SUBJECT ADDED ENTRY--TOPICAL TERM
Topical term or geographic name entry element Child psychology

No items available.

Powered by Koha